[Event "SG Turm Raesfeld/Erle 2 - SC Steinfurt "]
[Site "Regionalliga Münsterland 2019"]
[Date "2020.02.22"]
[Round "7.1"]
[White "Rieke, Theo"]
[Black "Pliete, Christian"]
[Result "1/2-1/2"]
[WhiteElo "1947"]
[BlackElo "1835"]
[PlyCount "52"]
[EventDate "2020.??.??"]
[SourceDate "2019.09.14"]

1. Nf3 Nf6 2. g3 g6 3. Bg2 c5 4. O-O Bg7 5. d3 Nc6 6. e4 d6 7. Nc3 Bg4 8. h3
Bd7 9. Be3 Qc8 10. Kh2 h5 11. Qd2 Nd4 12. Nh4 Qc7 13. f4 Bc6 14. Nd1 O-O-O 15.
c3 Ne6 16. c4 Nd4 17. Nc3 Bh6 18. Nd5 Bxd5 19. cxd5 Kb8 20. Rac1 Qb6 21. b4 Nd7
22. Rb1 Qa6 23. bxc5 dxc5 24. Rfc1 Rc8 25. e5 Nb6 26. Nf3 Rhd8 1/2-1/2

[Event "SG Turm Raesfeld/Erle 2 - SC Steinfurt "]
[Site "Regionalliga Münsterland 2019"]
[Date "2020.02.22"]
[Round "7.2"]
[White "Tuente, Marcel"]
[Black "Arning, Marcus"]
[Result "0-1"]
[WhiteElo "1847"]
[BlackElo "1927"]
[PlyCount "60"]
[EventDate "2020.??.??"]
[SourceDate "2019.09.14"]

1. e4 e5 2. Nf3 Nc6 3. Bc4 Nf6 4. d3 Be7 5. Nc3 d6 6. Be3 Na5 7. Bb3 Nxb3 8.
axb3 O-O 9. h3 d5 10. exd5 Nxd5 11. O-O Nxe3 12. fxe3 Qd6 13. Qe1 f5 14. e4 f4
15. Nd5 Bd8 16. Kh2 c6 17. Nc3 g5 18. g4 h5 19. gxh5 Qe6 20. Ng1 g4 21. hxg4
Qxg4 22. Qe2 Qh4+ 23. Kg2 Kh8 24. Rf3 Bg4 25. Qf2 Bxf3+ 26. Qxf3 Bb6 27. Nce2
Rg8+ 28. Kf1 Bxg1 29. Nxg1 Rg3 30. Qf2 Rag8 0-1

[Event "SG Turm Raesfeld/Erle 2 - SC Steinfurt "]
[Site "Regionalliga Münsterland 2019"]
[Date "2020.02.22"]
[Round "7.3"]
[White "Yust, Evgeniy"]
[Black "Kadenbach, Wolfgang"]
[Result "1-0"]
[WhiteElo "1914"]
[BlackElo "1775"]
[PlyCount "149"]
[EventDate "2020.??.??"]
[SourceDate "2019.09.14"]

1. e4 e6 2. Qe2 c5 3. d3 Nc6 4. c3 g6 5. Be3 b6 6. g3 Ba6 7. f4 Bg7 8. Bg2 Nge7
9. Bf2 O-O 10. Nf3 Rc8 11. O-O d6 12. Rd1 Qc7 13. Qc2 e5 14. Nbd2 exf4 15. gxf4
Rcd8 16. Nf1 Qd7 17. d4 Bxf1 18. Kxf1 Qg4 19. Bg3 h6 20. Qf2 cxd4 21. cxd4 Rc8
22. Rac1 Nb4 23. Qd2 a5 24. a3 Nbc6 25. d5 Nb8 26. Bh4 f6 27. Bf2 Qd7 28. Nd4
f5 29. Ne6 Qb5+ 30. Kg1 Qxb2 31. Qxb2 Bxb2 32. Rb1 Bxa3 33. Nxf8 Kxf8 34. Bxb6
Nd7 35. Bxa5 Bc5+ 36. Kf1 fxe4 37. Bxe4 Nf6 38. Bf3 Nf5 39. Bd2 Ne3+ 40. Bxe3
Bxe3 41. Rb4 Rc2 42. Be2 h5 43. h3 Bc5 44. Rc4 Rb2 45. Rd3 h4 46. Bg4 Rf2+ 47.
Ke1 Rg2 48. Be6 Rb2 49. Ra4 Kg7 50. Ra8 Rb1+ 51. Ke2 Rb2+ 52. Rd2 Rb4 53. f5 g5
54. Rc8 Rb3 55. Rc7+ Kh6 56. Rd3 Rb2+ 57. Kd1 Rb1+ 58. Kc2 Rg1 59. Rxc5 dxc5
60. d6 Rg2+ 61. Kd1 Rg3 62. Ke2 Rg2+ 63. Kf1 Rb2 64. d7 Rb1+ 65. Kg2 Rb2+ 66.
Kf3 g4+ 67. hxg4 Nxd7 68. Rxd7 h3 69. Rd8 Kg7 70. g5 h2 71. Rd7+ Kh8 72. Rd1 c4
73. Bxc4 Kg7 74. Kg3 Rc2 75. Be6 1-0

[Event "SG Turm Raesfeld/Erle 2 - SC Steinfurt "]
[Site "Regionalliga Münsterland 2019"]
[Date "2020.02.22"]
[Round "7.4"]
[White "Fasselt, Hendrik"]
[Black "Janning, Rainer"]
[Result "1-0"]
[WhiteElo "1836"]
[BlackElo "1888"]
[PlyCount "65"]
[EventDate "2020.??.??"]
[SourceDate "2019.09.14"]

1. b3 e5 2. Bb2 Nc6 3. e3 d5 4. Bb5 Bd6 5. Nf3 Qe7 6. O-O Nf6 7. d4 e4 8. Ne5
Bd7 9. Nxd7 Qxd7 10. c4 a6 11. cxd5 Nxd5 12. Bc4 Nce7 13. Nc3 Nxc3 14. Bxc3 b5
15. Be2 O-O 16. Kh1 Nd5 17. Bb2 f5 18. Qc2 Rae8 19. g3 Rf6 20. Rg1 Rh6 21. Rg2
Ree6 22. a4 Reg6 23. Rag1 Rh3 24. Bc1 Rgh6 25. axb5 axb5 26. Qa2 c6 27. Bd2 g5
28. Qa8+ Kf7 29. Bxb5 Ne7 30. Bc4+ Kg6 31. Ra1 Kh5 32. Bf7+ Kg4 33. Qa6 1-0

[Event "SG Turm Raesfeld/Erle 2 - SC Steinfurt "]
[Site "Regionalliga Münsterland 2019"]
[Date "2020.02.22"]
[Round "7.5"]
[White "Raue, Thorsten"]
[Black "Broemmel, Chris"]
[Result "1-0"]
[WhiteElo "1803"]
[BlackElo "1808"]
[PlyCount "71"]
[EventDate "2020.??.??"]
[SourceDate "2019.09.14"]

1. b4 d5 2. Bb2 b6 3. e3 Bb7 4. Nf3 Nf6 5. c4 e6 6. b5 a6 7. a4 Nbd7 8. Be2
axb5 9. axb5 Rxa1 10. Bxa1 Qa8 11. Nc3 Nc5 12. O-O Bd6 13. d4 Nce4 14. Nxe4
Nxe4 15. Bb2 g5 16. c5 Qa2 17. Qc2 g4 18. Ra1 Qxa1+ 19. Bxa1 gxf3 20. Bxf3 Be7
21. c6 Bc8 22. Bxe4 dxe4 23. Qxe4 f6 24. h4 Bd6 25. f4 f5 26. Qf3 h5 27. Qg3
Kf7 28. Qf3 Be7 29. g3 Kg6 30. d5 Rd8 31. e4 Bd6 32. Qc3 e5 33. fxe5 Bc5+ 34.
Kg2 fxe4 35. e6 Rxd5 36. Qf6+ 1-0

[Event "SG Turm Raesfeld/Erle 2 - SC Steinfurt "]
[Site "Regionalliga Münsterland 2019"]
[Date "2020.02.22"]
[Round "7.6"]
[White "Boelker, Franz"]
[Black "Wild, Helmut"]
[Result "1/2-1/2"]
[WhiteElo "1762"]
[BlackElo "1871"]
[PlyCount "68"]
[EventDate "2020.??.??"]
[SourceDate "2019.09.14"]

1. d4 d5 2. c4 c6 3. Nc3 Nf6 4. Nf3 a6 5. cxd5 cxd5 6. Bg5 Nc6 7. e3 Bf5 8. Be2
e6 9. O-O Be7 10. Rc1 O-O 11. Nh4 Ne4 12. Bxe7 Qxe7 13. Nxf5 exf5 14. Nxd5 Qd6
15. Nf4 b5 16. Nd3 Nb4 17. a3 Nxd3 18. Bxd3 g6 19. Bxe4 fxe4 20. Rc5 h5 21. Qc2
Rfe8 22. Rc1 Kg7 23. Rc7 Re7 24. Rxe7 Qxe7 25. Qc6 Ra7 26. h3 f5 27. Qc5 Kf6
28. Qxe7+ Rxe7 29. Rc6+ Re6 30. Rxe6+ Kxe6 31. g3 g5 32. h4 g4 33. Kf1 a5 34.
b3 b4 1/2-1/2

[Event "SG Turm Raesfeld/Erle 2 - SC Steinfurt "]
[Site "Regionalliga Münsterland 2019"]
[Date "2020.02.22"]
[Round "7.7"]
[White "Haselhorst, Helmut"]
[Black "Suer, Julian"]
[Result "1-0"]
[WhiteElo "2025"]
[BlackElo "1768"]
[PlyCount "43"]
[EventDate "2020.??.??"]
[SourceDate "2019.09.14"]

1. Nf3 d5 2. g3 Nc6 3. Bg2 e5 4. d3 f5 5. O-O Nf6 6. c4 Be7 7. cxd5 Nxd5 8. Nc3
Nxc3 9. bxc3 Be6 10. Rb1 Rb8 11. Qa4 O-O 12. Ba3 Bxa3 13. Qxa3 Qf6 14. Nd2 Kh8
15. Nb3 Rfd8 16. Na5 Nxa5 17. Qxa5 h6 18. Rxb7 Rxb7 19. Bxb7 c6 20. Bxc6 Bxa2
21. c4 Bxc4 22. dxc4 1-0

[Event "SG Turm Raesfeld/Erle 2 - SC Steinfurt "]
[Site "Regionalliga Münsterland 2019"]
[Date "2020.02.22"]
[Round "7.8"]
[White "Droste, Laurenz"]
[Black "Schal, Eduard"]
[Result "0-1"]
[WhiteElo "1604"]
[BlackElo "1549"]
[PlyCount "80"]
[EventDate "2020.??.??"]
[SourceDate "2019.09.14"]

1. f4 d5 2. e3 Nf6 3. b3 g6 4. Bb2 Bg7 5. Nf3 O-O 6. Be2 c5 7. O-O Nc6 8. Ne5
Qc7 9. d4 b6 10. Nd2 e6 11. Ndf3 Ne4 12. Nxc6 Qxc6 13. c4 Bb7 14. Rc1 Rfd8 15.
Ne5 Qe8 16. Bd3 Rac8 17. Qe1 f5 18. Rf3 Rc7 19. Rh3 Qe7 20. Nf3 Nf6 21. Qh4 Nh5
22. Ng5 h6 23. Nxe6 Bf6 24. Qxh5 gxh5 25. Rg3+ Kh8 26. Nxd8 Qxd8 27. Bxf5 Rg7
28. Rg6 Rxg6 29. Bxg6 Qe7 30. Kf2 h4 31. cxd5 Bxd5 32. e4 Bxd4+ 33. Bxd4+ cxd4
34. Rc8+ Kg7 35. Re8 Qc5 36. Bh5 Bf7 37. Bxf7 Kxf7 38. Rd8 Qc2+ 39. Kf3 Qd1+
40. Kf2 d3 0-1

[Event "SK Metelen 1 - SC Klein-Berlin Rheine 1"]
[Site "Regionalliga Münsterland 2019"]
[Date "2020.02.22"]
[Round "7.1"]
[White "Ottens, Stephan"]
[Black "Bernink, Henk"]
[Result "1/2-1/2"]
[WhiteElo "2057"]
[BlackElo "2029"]
[PlyCount "112"]
[EventDate "2020.??.??"]
[SourceDate "2019.09.14"]

1. e4 c6 2. d4 d5 3. Nc3 dxe4 4. Nxe4 Nf6 5. Nxf6+ exf6 6. c3 Bd6 7. Bd3 O-O 8.
Ne2 Re8 9. O-O Nd7 10. Ng3 g6 11. Ne4 Bf8 12. Bf4 Nb6 13. Re1 Nd5 14. Bd2 f5
15. Ng5 f6 16. Nf3 Be6 17. c4 Nb6 18. Qc2 Qd7 19. h4 Qf7 20. b3 Rad8 21. Bc3
Bc8 22. a4 c5 23. d5 Nd7 24. Qb2 Bd6 25. Rad1 b6 26. Kf1 a5 27. Qa1 Bc7 28.
Rxe8+ Rxe8 29. Re1 Bd6 30. Rxe8+ Qxe8 31. Bxf6 Nxf6 32. Qxf6 Qe7 33. Qxe7 Bxe7
34. g3 Bd6 35. h5 Kg7 36. hxg6 hxg6 37. Ng5 Kf6 38. f4 Bd7 39. Kg2 Be8 40. Kh3
Bd7 41. Kg2 Bc8 42. Kf3 Bd7 43. Bf1 Bc8 44. Bh3 Bd7 45. g4 Bc8 46. Kg3 Bd7 47.
Nf3 Be8 48. Ne5 g5 49. Nd3 fxg4 50. Bxg4 gxf4+ 51. Kf3 Kg5 52. Nf2 Bg6 53. Nh3+
Kf6 54. Nxf4 Bc2 55. Bd7 Bxb3 56. Bb5 Bd1+ 1/2-1/2

[Event "SK Metelen 1 - SC Klein-Berlin Rheine 1"]
[Site "Regionalliga Münsterland 2019"]
[Date "2020.02.22"]
[Round "7.2"]
[White "Koch, Alexander"]
[Black "Langhans, Joerg"]
[Result "0-1"]
[WhiteElo "2027"]
[BlackElo "1947"]
[PlyCount "24"]
[EventDate "2020.??.??"]
[SourceDate "2019.09.14"]

1. e4 e5 2. Nf3 Nf6 3. Nc3 Nc6 4. Bc4 Nxe4 5. Nxe4 d5 6. Bxd5 Qxd5 7. d3 Bg4 8.
O-O O-O-O 9. h3 Bh5 10. g4 Bg6 11. Re1 Bxe4 12. Rxe4 Qxe4 0-1

[Event "SK Metelen 1 - SC Klein-Berlin Rheine 1"]
[Site "Regionalliga Münsterland 2019"]
[Date "2020.02.22"]
[Round "7.4"]
[White "Grotenhuis, Gerard"]
[Black "Bruemmer, Andreas"]
[Result "0-1"]
[WhiteElo "1894"]
[BlackElo "1917"]
[PlyCount "54"]
[EventDate "2020.??.??"]
[SourceDate "2019.09.14"]

1. b3 e5 2. Bb2 Nc6 3. e3 g6 4. f4 Bg7 5. Nf3 d6 6. Bb5 Nge7 7. O-O O-O 8. a4
a6 9. Bxc6 Nxc6 10. Na3 Re8 11. fxe5 dxe5 12. Nc4 e4 13. Bxg7 Kxg7 14. Ne1 Be6
15. a5 f5 16. Ra4 Qf6 17. Qe2 Rad8 18. d4 exd3 19. cxd3 Qc3 20. Rf2 Qxb3 21.
Qb2+ Qxb2 22. Rxb2 Bc8 23. Kf2 Rd5 24. Ra3 Kf6 25. g3 Na7 26. d4 Nb5 27. Nd3
Nxa3 0-1

[Event "SK Metelen 1 - SC Klein-Berlin Rheine 1"]
[Site "Regionalliga Münsterland 2019"]
[Date "2020.02.22"]
[Round "7.5"]
[White "Kornick, Ulrich"]
[Black "Zachej, Arne"]
[Result "0-1"]
[WhiteElo "1912"]
[BlackElo "1854"]
[PlyCount "104"]
[EventDate "2020.??.??"]
[SourceDate "2019.09.14"]

1. e4 c5 2. Nf3 d6 3. d4 cxd4 4. Nxd4 a6 5. Bc4 Nf6 6. Nc3 e6 7. Bg5 Be7 8. Qd3
Nbd7 9. Qg3 Nc5 10. Be3 Nfxe4 11. Nxe4 Nxe4 12. Qxg7 Bf6 13. Qh6 b5 14. Bd3 Bb7
15. f3 Qa5+ 16. c3 Nxc3 17. O-O Nd5 18. Be4 Qb6 19. Rfd1 Nxe3 20. Qxe3 Bxe4 21.
fxe4 Rc8 22. Rd3 Rc4 23. Rad1 Bxd4 24. Rxd4 Rxd4 25. Qxd4 Qxd4+ 26. Rxd4 Ke7
27. a4 Rb8 28. Rb4 Kd7 29. Kf2 Kc6 30. Rb3 Kc5 31. Ke3 b4 32. Kf4 Rg8 33. g4
Kc4 34. Rh3 Rg7 35. g5 a5 36. Re3 Rg6 37. Rh3 Rg7 38. Rf3 b3 39. Rc3+ Kb4 40.
Rd3 Kxa4 41. Rxd6 Rg6 42. h4 f6 43. Rd2 Kb4 44. gxf6 Rxf6+ 45. Ke5 Rh6 46. h5
a4 47. Rd4+ Kb5 48. Rd8 Rxh5+ 49. Kxe6 Rh6+ 50. Kd5 a3 51. bxa3 b2 52. a4+ Ka6
0-1

[Event "SK Metelen 1 - SC Klein-Berlin Rheine 1"]
[Site "Regionalliga Münsterland 2019"]
[Date "2020.02.22"]
[Round "7.6"]
[White "Wigger, Frank"]
[Black "Ratert, Matthias"]
[Result "1/2-1/2"]
[WhiteElo "1820"]
[BlackElo "1857"]
[PlyCount "50"]
[EventDate "2020.??.??"]
[SourceDate "2019.09.14"]

1. e4 e5 2. Bc4 Nf6 3. d4 exd4 4. Nf3 Nxe4 5. Qxd4 Nf6 6. Nc3 Nc6 7. Qh4 Bb4 8.
O-O O-O 9. Bg5 Bxc3 10. bxc3 h6 11. Bxh6 gxh6 12. Qxh6 d5 13. Bd3 Ne4 14. Rfe1
Qf6 15. Qh5 Qh8 16. Qxd5 Nf6 17. Qg5+ Qg7 18. Qf4 Nd5 19. Qh4 Nce7 20. Rxe7
Nxe7 21. Qxe7 f6 22. Qe4 Rd8 23. Bc4+ Kf8 24. Re1 Bg4 25. Qf4 Bxf3 1/2-1/2

[Event "SK Metelen 1 - SC Klein-Berlin Rheine 1"]
[Site "Regionalliga Münsterland 2019"]
[Date "2020.02.22"]
[Round "7.7"]
[White "Hauk, Viktoria"]
[Black "Denkler, Juergen"]
[Result "1-0"]
[WhiteElo "1897"]
[BlackElo "1683"]
[PlyCount "62"]
[EventDate "2020.??.??"]
[SourceDate "2019.09.14"]

1. d4 Nf6 2. c4 g6 3. Nc3 Bg7 4. e4 d6 5. Be2 O-O 6. Be3 e5 7. d5 Ne8 8. g4 c6
9. h4 h6 10. Qd2 Kh7 11. O-O-O c5 12. Rf1 f5 13. exf5 gxf5 14. Bd3 Qf6 15. g5
Qf7 16. gxh6 Bh8 17. Nh3 Bf6 18. Bg5 Kh8 19. Rfg1 Na6 20. Rg2 e4 21. Be2 Be5
22. Bf4 Rg8 23. Ng5 Qf8 24. Rhg1 Nf6 25. h7 Rg7 26. Bxe5 dxe5 27. Qd1 Qe8 28.
d6 Nxh7 29. Bh5 Qf8 30. Nxh7 Rxh7 31. Qd5 Bd7 1-0

[Event "SK Metelen 1 - SC Klein-Berlin Rheine 1"]
[Site "Regionalliga Münsterland 2019"]
[Date "2020.02.22"]
[Round "7.8"]
[White "Oskamp, Dieter"]
[Black "Miethe, Christoph"]
[Result "1/2-1/2"]
[WhiteElo "1287"]
[BlackElo "1771"]
[PlyCount "23"]
[EventDate "2020.??.??"]
[SourceDate "2019.09.14"]

1. d4 d5 2. c4 e6 3. Nc3 Nf6 4. Bf4 Bb4 5. e3 Ne4 6. Qc2 O-O 7. Bd3 f5 8. Nf3
Nc6 9. O-O Bxc3 10. bxc3 Qe7 11. Ne5 Nxe5 12. Bxe5 1/2-1/2

[Event "SK Münster 4 - TV Borken 1"]
[Site "Regionalliga Münsterland 2019"]
[Date "2020.02.22"]
[Round "7.1"]
[White "Schulze Schwering, Philipp"]
[Black "Janssen, Dirk"]
[Result "1-0"]
[WhiteElo "2069"]
[BlackElo "1947"]
[PlyCount "119"]
[EventDate "2020.??.??"]
[SourceDate "2019.09.14"]

1. d4 e6 2. c4 d5 3. Nf3 c5 4. cxd5 exd5 5. g3 Nc6 6. Bg2 Nf6 7. O-O Be7 8. Nc3
O-O 9. dxc5 Bxc5 10. Na4 Be7 11. Be3 Bg4 12. Rc1 Re8 13. Nd4 Qd7 14. Re1 Bb4
15. Nc3 Bh3 16. Bh1 Ng4 17. Bf4 Bc5 18. Ncb5 Bb6 19. e3 Nxd4 20. Nxd4 h6 21. f3
Ne5 22. Bxe5 Rxe5 23. Kf2 h5 24. f4 Bg4 25. Qb3 Re7 26. Qxd5 Qxd5 27. Bxd5 Rd8
28. Bb3 Bxd4 29. exd4 Rxe1 30. Kxe1 Rxd4 31. Rc7 Rd7 32. Rxd7 Bxd7 33. Kd2 Kf8
34. Ke3 Ke7 35. Bd1 g6 36. Kd4 Be6 37. a3 Kd6 38. Bf3 b6 39. Be4 Bd7 40. b4 f5
41. Bc2 Be6 42. Ba4 Ke7 43. Ke5 Bc4 44. Bc6 Bb3 45. Bd5 Bd1 46. Bc4 Bf3 47. a4
Bd1 48. a5 Bf3 49. Bb5 Bd1 50. Bc6 Be2 51. Ba4 Bf3 52. Kd4 Be2 53. Bc2 Bf3 54.
Kc4 Bc6 55. Bd3 Kd6 56. Be2 b5+ 57. Kd4 a6 58. Bd1 Bd5 59. h4 Bc6 60. Bb3 1-0

[Event "SK Münster 4 - TV Borken 1"]
[Site "Regionalliga Münsterland 2019"]
[Date "2020.02.22"]
[Round "7.2"]
[White "Spillmann, Peter"]
[Black "Schroer, Klaus"]
[Result "1/2-1/2"]
[WhiteElo "1886"]
[BlackElo "2001"]
[PlyCount "55"]
[EventDate "2020.??.??"]
[SourceDate "2019.09.14"]

1. f4 g6 2. Nf3 Bg7 3. g3 d6 4. Bg2 e5 5. e3 Nh6 6. Nc3 O-O 7. O-O c6 8. Kh1
Be6 9. b3 Qa5 10. fxe5 dxe5 11. e4 Na6 12. a4 Rad8 13. Ba3 c5 14. Qe1 Nb4 15.
Bxb4 cxb4 16. Nd1 f5 17. Ng5 Bc8 18. Ne3 Nf7 19. Nxf7 Rxf7 20. Nc4 Qc5 21. d3
Rdf8 22. Qe2 b6 23. Rae1 a6 24. exf5 gxf5 25. Nxe5 Re7 26. d4 Qxd4 27. Qc4+
Qxc4 28. Nxc4 1/2-1/2

[Event "SK Münster 4 - TV Borken 1"]
[Site "Regionalliga Münsterland 2019"]
[Date "2020.02.22"]
[Round "7.3"]
[White "Beckmann, David"]
[Black "Vogenauer, Nikolas"]
[Result "0-1"]
[WhiteElo "2009"]
[BlackElo "1881"]
[PlyCount "66"]
[EventDate "2020.??.??"]
[SourceDate "2019.09.14"]

1. d4 Nf6 2. Nf3 g6 3. g3 Bg7 4. Bg2 O-O 5. O-O d5 6. c4 c6 7. Nc3 dxc4 8. Qc2
Nbd7 9. Rd1 Nd5 10. e4 Nxc3 11. bxc3 Qa5 12. Be3 e5 13. d5 cxd5 14. Rxd5 Qc7
15. Rad1 Re8 16. Qa4 Nf6 17. Rc5 Qb8 18. Nxe5 Bf8 19. Nxc4 Bxc5 20. Bf4 b5 21.
Qc2 bxc4 22. Bxb8 Rxb8 23. Kf1 Ng4 24. Qa4 Be6 25. Bh3 Nxf2 26. Bxe6 Rxe6 27.
Rd7 Nxe4 28. Rc7 Rb1+ 29. Kg2 Rb2+ 30. Kh3 Nf2+ 31. Kg2 Ng4+ 32. Kh3 h5 33. Kh4
Rxh2+ 0-1

[Event "SK Münster 4 - TV Borken 1"]
[Site "Regionalliga Münsterland 2019"]
[Date "2020.02.22"]
[Round "7.4"]
[White "Voss, Andreas"]
[Black "Thesing, Ansgar"]
[Result "0-1"]
[WhiteElo "1881"]
[BlackElo "1746"]
[PlyCount "88"]
[EventDate "2020.??.??"]
[SourceDate "2019.09.14"]

1. d4 d5 2. c4 e6 3. Nc3 Nf6 4. cxd5 exd5 5. Bg5 Be7 6. e3 c6 7. Bd3 Nbd7 8.
Nge2 Nf8 9. f3 Ne6 10. Bh4 g6 11. Bf2 Ng7 12. O-O O-O 13. Qb3 Qb6 14. Qxb6 axb6
15. h3 b5 16. Bc2 Bf5 17. e4 dxe4 18. fxe4 Be6 19. Bh4 Nge8 20. Rf2 b4 21. Na4
b3 22. axb3 b5 23. Nf4 bxa4 24. Nxe6 fxe6 25. bxa4 Nd5 26. Rxf8+ Kxf8 27. exd5
Bxh4 28. dxc6 Bf6 29. Rd1 Rd8 30. b4 Rxd4 31. Rxd4 Bxd4+ 32. Kf1 Bc3 33. b5 Ba5
34. Ke2 Ke7 35. Ke3 Kd6 36. h4 Nf6 37. Kf3 Be1 38. g3 e5 39. a5 Bxa5 40. g4 Kd5
41. g5 e4+ 42. Ke2 Nh5 43. Bb3+ Kd4 44. Bg8 Nf4+ 0-1

[Event "SK Münster 4 - TV Borken 1"]
[Site "Regionalliga Münsterland 2019"]
[Date "2020.02.22"]
[Round "7.5"]
[White "Farwick, Christian"]
[Black "Peters, Helmut"]
[Result "1/2-1/2"]
[WhiteElo "1845"]
[BlackElo "1942"]
[PlyCount "136"]
[EventDate "2020.??.??"]
[SourceDate "2019.09.14"]

1. d4 Nf6 2. Bf4 d5 3. e3 e6 4. Nd2 Bd6 5. c3 b6 6. Bd3 Bxf4 7. exf4 Qd6 8. Qf3
c5 9. Ne2 Nc6 10. a3 Bb7 11. O-O O-O 12. Qh3 a5 13. g4 Ba6 14. Bxa6 Rxa6 15. g5
Nd7 16. Qd3 Raa8 17. Nf3 c4 18. Qe3 b5 19. Ng3 Ne7 20. Rfe1 b4 21. axb4 axb4
22. Ne5 Nxe5 23. fxe5 Qb6 24. Nh5 bxc3 25. bxc3 Qb2 26. Rab1 Qc2 27. Rec1 Qg6
28. Ng3 Ra2 29. Kg2 Nf5 30. Nxf5 Qxf5 31. Kg3 Rfa8 32. h4 g6 33. Qf3 Rd2 34.
Qxf5 gxf5 35. Rd1 Raa2 36. Rxd2 Rxd2 37. Rc1 Rd3+ 38. f3 Rd2 39. h5 Kg7 40. Ra1
Rd3 41. Rc1 h6 42. gxh6+ Kxh6 43. Kf4 Kxh5 44. Rc2 Kg6 45. Rg2+ Kh7 46. Rc2 Kg7
47. Rc1 Kf8 48. Rc2 Ke7 49. Rc1 Kd7 50. Rc2 Ke7 51. Rc1 f6 52. exf6+ Kxf6 53.
Rc2 Ke7 54. Rc1 Kd6 55. Rc2 Kc6 56. Re2 Rxc3 57. Rxe6+ Kd7 58. Re5 Kd6 59. Rxf5
Rd3 60. Rf6+ Ke7 61. Rc6 Rxd4+ 62. Ke5 Rd3 63. f4 c3 64. f5 d4 65. f6+ Kf7 66.
Rc7+ Kf8 67. Rc8+ Kf7 68. Rc7+ Kf8 1/2-1/2

[Event "SK Münster 4 - TV Borken 1"]
[Site "Regionalliga Münsterland 2019"]
[Date "2020.02.22"]
[Round "7.6"]
[White "Voss, Norbert"]
[Black "Boldrick, Marcel"]
[Result "1-0"]
[WhiteElo "1852"]
[BlackElo "1651"]
[PlyCount "113"]
[EventDate "2020.??.??"]
[SourceDate "2019.09.14"]

1. d4 Nf6 2. Nf3 d5 3. g3 Bf5 4. Bg2 e6 5. O-O Nbd7 6. c4 c6 7. Qb3 Qb6 8. c5
Qxb3 9. axb3 Bxb1 10. Rxb1 b6 11. b4 b5 12. Ra1 Be7 13. Ra6 Nb8 14. Ra3 Nfd7
15. e4 O-O 16. exd5 cxd5 17. Bd2 Rc8 18. Rfa1 Nc6 19. Bf1 Rab8 20. Rxa7 Nf6 21.
R7a6 Ne4 22. Bc3 Bd8 23. Ne5 Nxe5 24. dxe5 Bc7 25. f4 Nxc3 26. bxc3 Kf8 27. Kf2
h6 28. Ke3 Ke8 29. Kd4 g6 30. Bd3 Ke7 31. g4 Rg8 32. Ra7 Kd8 33. Ra8 Kd7 34.
Rxb8 Rxb8 35. f5 gxf5 36. gxf5 Kc6 37. fxe6 fxe6 38. Rg1 Rf8 39. Rg6 Kd7 40.
Bxb5+ Ke7 41. Rxh6 Rf5 42. Rh7+ Kd8 43. Be2 Bxe5+ 44. Kd3 Rf4 45. Kc2 Rf2 46.
Kd2 Bxh2 47. b5 Be5 48. c6 Bc7 49. Kd3 Rf4 50. Rd7+ Kc8 51. Re7 Bb6 52. Rxe6
Kc7 53. Re7+ Kd6 54. Rb7 Bc7 55. b6 Kxc6 56. Rxc7+ Kxb6 57. Rc8 1-0

[Event "SK Münster 4 - TV Borken 1"]
[Site "Regionalliga Münsterland 2019"]
[Date "2020.02.22"]
[Round "7.7"]
[White "Klueppel, Ralf"]
[Black "Boerger, Andreas"]
[Result "1/2-1/2"]
[WhiteElo "1780"]
[BlackElo "1742"]
[PlyCount "87"]
[EventDate "2020.??.??"]
[SourceDate "2019.09.14"]

1. d4 c5 2. e3 e6 3. Nf3 Nc6 4. Bd3 d5 5. b3 Nf6 6. O-O Bd6 7. Bb2 cxd4 8. exd4
Qc7 9. h3 O-O 10. a3 Ne4 11. Nbd2 f5 12. c4 Bd7 13. Rc1 Rad8 14. b4 Qb8 15. c5
Bf4 16. Ra1 Be8 17. Qc2 Rc8 18. b5 Ne7 19. Nb3 Bh5 20. Ne5 Bxe5 21. dxe5 Nxc5
22. Nxc5 b6 23. Bd4 bxc5 24. Bxc5 Rc7 25. Rac1 Rfc8 26. f4 Rxc5 27. Qb2 Qb6 28.
Kh2 Be8 29. a4 Qc7 30. Rxc5 Qxc5 31. Rb1 Qc3 32. Bf1 Qxb2 33. Rxb2 Rc1 34. Be2
Ra1 35. b6 axb6 36. Rxb6 Rxa4 37. Rb8 Kf7 38. Rxe8 Rxf4 39. Bb5 Rb4 40. Rb8
Rxb5 41. Rxb5 Ng6 42. Rb7+ Kf8 43. Rb6 Kf7 44. Rb7+ 1/2-1/2

[Event "SK Münster 4 - TV Borken 1"]
[Site "Regionalliga Münsterland 2019"]
[Date "2020.02.22"]
[Round "7.8"]
[White "Sokolowski, Cyril"]
[Black "Bohn, Andreas"]
[Result "0-1"]
[WhiteElo "1744"]
[BlackElo "1835"]
[PlyCount "76"]
[EventDate "2020.??.??"]
[SourceDate "2019.09.14"]

1. e4 c5 2. Nf3 Nc6 3. Bc4 e6 4. O-O d6 5. d4 cxd4 6. Nxd4 Nf6 7. Nc3 a6 8. Re1
Be7 9. a4 O-O 10. Bb3 Na5 11. Ba2 Qc7 12. Qd3 Bd7 13. Qg3 Kh8 14. Kh1 Rac8 15.
f4 Nc4 16. f5 e5 17. Nf3 b5 18. axb5 Bxb5 19. Nxb5 axb5 20. c3 Ra8 21. b3 Na3
22. Bxa3 Rxa3 23. c4 Rfa8 24. Qf2 b4 25. Qc2 Qa7 26. Re2 Nd7 27. Qd2 Qa5 28. h3
h6 29. Nh2 Nc5 30. Ng4 Nxb3 31. Bxb3 Rxa1+ 32. Kh2 Qc5 33. f6 Qg1+ 34. Kg3 Bf8
35. Rf2 g5 36. h4 R8a3 37. Rf3 Qe1+ 38. Qxe1 Rxe1 0-1

[Event "SK Dülmen 1 - SC Gronau 1"]
[Site "Regionalliga Münsterland 2019"]
[Date "2020.02.22"]
[Round "7.1"]
[White "Monsma, Menno"]
[Black "Eiersbrock, Robin"]
[Result "1-0"]
[WhiteElo "2059"]
[BlackElo "2053"]
[PlyCount "73"]
[EventDate "2020.??.??"]
[SourceDate "2019.09.14"]

1. e4 c5 2. Nf3 g6 3. d4 cxd4 4. Nxd4 Nf6 5. Nc3 Nc6 6. Nxc6 bxc6 7. e5 Nd5 8.
Nxd5 cxd5 9. Qxd5 Rb8 10. e6 f6 11. exd7+ Bxd7 12. Bc4 e6 13. Qe4 Qb6 14. O-O
Bc5 15. Bf4 Rd8 16. Rae1 Kf7 17. Be3 Rhe8 18. Qh4 h5 19. Re2 Bxe3 20. fxe3 Qxb2
21. Ref2 f5 22. Rxf5+ gxf5 23. Rxf5+ Kg8 24. Qg3+ Qg7 25. Rg5 Re7 26. Rxg7+
Rxg7 27. Qh4 Rc8 28. Bd3 Bc6 29. e4 Ba4 30. Qf6 Rc6 31. Bc4 Kh7 32. Bxe6 Rxc2
33. g3 Rb7 34. Bf5+ Kg8 35. Qd8+ Kg7 36. Qd4+ Kf8 37. Qh8+ 1-0

[Event "SK Dülmen 1 - SC Gronau 1"]
[Site "Regionalliga Münsterland 2019"]
[Date "2020.02.22"]
[Round "7.2"]
[White "Grund, Wolfgang"]
[Black "Buendgen, Achim"]
[Result "0-1"]
[WhiteElo "1889"]
[BlackElo "2055"]
[PlyCount "84"]
[EventDate "2020.??.??"]
[SourceDate "2019.09.14"]

1. e4 c6 2. d4 d5 3. Nc3 dxe4 4. Nxe4 Nf6 5. Ng3 c5 6. dxc5 Qa5+ 7. c3 Qxc5 8.
Be3 Qc7 9. Be2 e5 10. Nf3 Nc6 11. O-O h5 12. Qc2 h4 13. Ne4 Ng4 14. h3 Nxe3 15.
fxe3 f5 16. Nf2 e4 17. Nd4 Qe5 18. Nxc6 bxc6 19. Qa4 Bd6 20. Nh1 Bd7 21. Rad1
Bc5 22. Rd4 Bxd4 23. cxd4 Qd6 24. Qc2 Be6 25. b3 O-O 26. Bc4 Bd5 27. Nf2 Rf6
28. Qe2 Rg6 29. Nh1 Rf8 30. Rf4 Rh6 31. Qf2 Qf6 32. Qd2 g5 33. Rf1 Qe6 34. Nf2
g4 35. Qb4 Rhf6 36. Be2 g3 37. Nd1 f4 38. Bg4 Qf7 39. exf4 Rxf4 40. Rxf4 Qxf4
41. Qe1 e3 42. Be2 Qxd4 0-1

[Event "SK Dülmen 1 - SC Gronau 1"]
[Site "Regionalliga Münsterland 2019"]
[Date "2020.02.22"]
[Round "7.3"]
[White "Storck, Martin"]
[Black "Nolting, Bodo"]
[Result "1-0"]
[WhiteElo "1954"]
[BlackElo "1735"]
[PlyCount "53"]
[EventDate "2020.??.??"]
[SourceDate "2019.09.14"]

1. c4 e5 2. Nc3 Nc6 3. g3 g6 4. Bg2 Bg7 5. Nf3 d6 6. d3 Nf6 7. O-O O-O 8. Bg5
h6 9. Bd2 Nh5 10. e4 Nd4 11. Nxd4 exd4 12. Nd5 c6 13. Nb4 a5 14. Nc2 c5 15. a4
Bd7 16. Na3 Bc6 17. Nb5 Nf6 18. f4 h5 19. h3 Qd7 20. Qe1 b6 21. Qf2 Ne8 22. f5
Nc7 23. f6 Bh8 24. Nxc7 Qxc7 25. g4 hxg4 26. hxg4 Qd7 27. Qh4 1-0